Don't wrestle,just nestle (Record no. 17475)

000 -LEADER
fixed length control field 00576nam a2200193 a 4500
001 - CONTROL NUMBER
control field :::00021445$&:&@@
003 - CONTROL NUMBER IDENTIFIER
control field OkBaRHE
005 - DATE AND TIME OF LATEST TRANSACTION
control field 20080415200405.0
008 - FIXED-LENGTH DATA ELEMENTS--GENERAL INFORMATION
fixed length control field s1978 j 000 0 eng u
040 ## - CATALOGING SOURCE
Transcribing agency
100 1# - MAIN ENTRY--PERSONAL NAME
Personal name Ten Boom, Corrie
245 10 - TITLE STATEMENT
Title Don't wrestle,just nestle
260 ## - PUBLICATION, DISTRIBUTION, ETC. (IMPRINT)
Place of publication, distribution, etc Old Tappan, New Jersey
Name of publisher, distributor, etc Fleming H. Revell Company
Date of publication, distribution, etc c1978
300 ## - PHYSICAL DESCRIPTION
Extent 118 p
490 0# - SERIES STATEMENT
Series statement Jesus is Victor Series
650 ## - SUBJECT ADDED ENTRY--TOPICAL TERM
Topical term or geographic name as entry element Christian Life
942 ## - ADDED ENTRY ELEMENTS (KOHA)
Source of classification or shelving scheme
Koha item type Books
Copies
Not for loan Shelving location Koha item type Date acquired Permanent Location Lost status Withdrawn status Barcode Date last seen Source of classification or shelving scheme Damaged status Price effective from Copy number Full call number
 General StacksBooks2010-04-14RHEMA Bible Training College  214452010-04-14  2010-04-141BV 4501.2 .T38